INSTANT ASPORIPTS/ (Record no. 47742)

MARC details
000 -LEADER
fixed length control field 00406pam a2200169 a 4500
020 ## - INTERNATIONAL STANDARD BOOK NUMBER
Terms of availability
041 ## - LANGUAGE CODE
Language code of original
082 ## - DEWEY DECIMAL CLASSIFICATION NUMBER
Classification number 005.13
Item number BUC
100 ## - MAIN ENTRY--PERSONAL NAME
Personal name BUCZEK G.
245 ## - TITLE STATEMENT
Title INSTANT ASPORIPTS/
Medium Textual Documents
250 ## - EDITION STATEMENT
Edition statement 01-01-2001.
260 ## - PUBLICATION, DISTRIBUTION, ETC.
Name of publisher, distributor, etc. TATA MC GRAW HILL INT. NEW DELHI
300 ## - PHYSICAL DESCRIPTION
Extent XIX/900
Accompanying material 1 CD
500 ## - GENERAL NOTE
General note 4924
653 ## - INDEX TERM--UNCONTROLLED
Uncontrolled term PRINCIPLES OF PROGRAMMING LANGUAGE (T.E.II)
930 ## - EQUIVALENCE OR CROSS-REFERENCE-UNIFORM TITLE HEADING [LOCAL, CANADA]
Uniform title 4517
Holdings
Withdrawn status Lost status Damaged status Not for loan Collection Home library Current library Shelving location Date acquired Source of acquisition Cost, normal purchase price Total Checkouts Full call number Barcode Date last seen Copy number Price effective from Koha item type
        EWP College of Engineering for Women, Pune College of Engineering for Women, Pune D-ROW-11:CUP-41 31/12/2002 COLLEGE BOOK DEPOT, 425.00   005.13 BUC EWP-4579 24/02/2023 1 24/02/2023 Book